=LDR 00000nam 2200000 4500 =001 INLIS000000000023600 =005 20130612122241 =008 ***********************************Ind** =035 ##$$0010-061300000023600 =041 ##$$a Ind =082 ##$$a 574.07 =090 ##$$a 574.07, Sud-b =100 ##$$a Sudarjatmo =245 ##$$a Biologi 2a untuk kelas 2 SMU, Drs. Soedarjatmo, dkk =260 ##$$a 1996 $b Surakarta =300 ##$$a iii, 111 hlm., ilus., 28 cm =650 ##$$a Biologi SMU =850 ##$$a NBPNMAT